| 000 | 01324cam a2200313 i 4500 | ||
|---|---|---|---|
| 001 | 69888 | ||
| 003 | Mx-PuUPA | ||
| 005 | 20230516113646.0 | ||
| 008 | 220804s2009 cauad||gr|||| 00| 0 eng d | ||
| 020 |
_a9781412942355 _qrústica |
||
| 040 |
_aMx-PuUPA _bspa _cMx-PuUPA _dMx-PuUPA _erda |
||
| 041 | 0 | _aeng | |
| 245 | 0 | 0 |
_aConfigurational comparative methods : _bqualitative comparative analysis (QCA) and related techniques / _cedited by Benoit Rihoux, Charles C. Ragin |
| 264 | 1 |
_aThousand Oaks, California : _bSAGE Publications, _c©2009 |
|
| 300 |
_axxv, 209 páginas : _bilustraciones, gráficas, tablas ; _c22 cm |
||
| 336 |
_2rdacontent _atexto _btxt |
||
| 337 |
_2rdamedia _asin medio _bn |
||
| 338 |
_2rdacarrier _avolumen _bnc |
||
| 490 | 0 |
_aApplied Social Research Methods Series ; _vvolume 51 |
|
| 650 | 7 |
_2armarc _aCiencias sociales _vMétodo comparativo |
|
| 650 | 7 |
_2armarc _aCiencias sociales _xInvestigación _vMetodología |
|
| 700 | 1 |
_913128 _aRihoux, Benoît, _d1965- _eeditor |
|
| 700 | 1 |
_aRagin, Charles C., _eeditor |
|
| 942 |
_2ddc _cLI _h300.72 _iC743 |
||
| 999 |
_c69888 _d69888 |
||